000 00322nam a22001097a 4500
008 160617b xxu||||| |||| 00| 0 eng d
100 _93
_aKoshy.Z, Sonymol
245 _aFoundation of
_bComputers Made Friendly
260 _aNoida
_bCordova
300 _aAccording to the latest CBSE syllabus and NCERT guidelines
942 _2ddc
_cBK
999 _c3
_d3